Escape the Backrooms Sub-Levels - Statistics

General Stats
  • This quiz has been taken 9 times
  • The average score is 5 of 6
Answer Stats
Answer % Correct
Water Damage
100%
Level 55.1
83%
The Danger Zone
83%
The Dark Poolrooms
83%
The Snackrooms
83%
Remodeled Mess
67%
No matching quizzes found
Score Distribution
Percent of People with Each Score
Percentile by Number Answered
Your Score History
You have not taken this quiz